[Event "DEM U12w 2019"]
[Site "Willingen GER"]
[Date "2019.06.12"]
[Round "6"]
[White "Peglau, Dora"]
[Black "Müller, Eva"]
[Result "1-0"]
[Termination "normal"]
[Board "13"]
[WhiteElo "1336"]
[BlackElo "1031"]
[PlyCount "97"]
[WhiteFideId "16220005"]
[BlackFideId "16286995"]
[EventCountry "GER"]
[EventRounds "9"]
[EventType "swiss"]
[EventDate "2019.06.08"]

1. c4 e5 2. Nc3 Nc6 3. g3 f5 4. Bg2 Nf6 5. e3 d6 6. Nge2 Be7 7. O-O O-O 8. d4
Qe8 9. d5 Na5 10. b3 b6 11. Bd2 Rb8 12. Nb5 Bd7 13. Nxc7 Qc8 14. Nb5 a6 15.
Nbc3 Be8 16. Qc2 Bg6 17. Qb2 Qd7 18. Rac1 Nb7 19. Na4 Nc5 20. Nxc5 bxc5 21. Nc3
Ne4 22. Nxe4 fxe4 23. Qc2 Qf5 24. Qc3 Bf6 25. Qa5 Ra8 26. Rb1 Bh5 27. Rfc1 Be2
28. Be1 Bd3 29. Rb2 Bd8 30. Qa4 Rf6 31. b4 Bb6 32. Qc6 Rb8 33. bxc5 dxc5 34.
Qa4 Rh6 35. Qxa6 Ba5 36. Rxb8+ Kf7 37. Rb7+ Ke8 38. Qxa5 Qc8 39. Qb5+ Rc6 40.
Qxc6+ Qxc6 41. dxc6 Kd8 42. c7+ Kc8 43. Ba5 Kxb7 44. Rc3 Kc8 45. Bh3+ Kb7 46.
c8=Q+ Ka7 47. Rb3 Bxc4 48. Qb8+ Ka6 49. Qb6# 1-0

[Event "DEM U12w 2019"]
[Site "Willingen GER"]
[Date "2019.06.12"]
[Round "6"]
[White "Sens, Gerda"]
[Black "Sohr, Luna"]
[Result "1/2-1/2"]
[Termination "normal"]
[Board "14"]
[WhiteElo "1018"]
[BlackElo "1357"]
[PlyCount "77"]
[WhiteFideId "16287029"]
[BlackFideId "16251261"]
[EventCountry "GER"]
[EventRounds "9"]
[EventType "swiss"]
[EventDate "2019.06.08"]

1. e4 e5 2. Nf3 Nc6 3. Bc4 Bc5 4. O-O d6 5. Nc3 Nf6 6. d3 h6 7. Be3 Bb6 8. Nd5
O-O 9. Nxb6 axb6 10. Qd2 Ng4 11. h3 Nxe3 12. Qxe3 Qf6 13. Rad1 Nb4 14. Rc1 Be6
15. Bxe6 fxe6 16. a3 Nc6 17. c3 Rac8 18. d4 exd4 19. cxd4 e5 20. Qb3+ Kh7 21.
dxe5 Nxe5 22. Nxe5 Qxe5 23. Qc2 Rfe8 24. Rfe1 Kh8 25. Qb1 Qf4 26. Qc2 Re5 27.
g3 Qg5 28. Qd3 Rc5 29. f4 Qe7 30. Rxc5 bxc5 31. e5 Re8 32. Qc3 dxe5 33. fxe5 b6
34. b4 cxb4 35. axb4 Rf8 36. b5 Qf7 37. Qe3 Qe6 38. g4 Ra8 39. Qe4 1/2-1/2

[Event "DEM U12w 2019"]
[Site "Willingen GER"]
[Date "2019.06.12"]
[Round "6"]
[White "Lieberwirth, Nele"]
[Black "Vianden, Ella"]
[Result "1-0"]
[Termination "normal"]
[Board "15"]
[WhiteElo "1385"]
[BlackElo "1328"]
[PlyCount "47"]
[WhiteFideId "16259483"]
[BlackFideId "16235592"]
[EventCountry "GER"]
[EventRounds "9"]
[EventType "swiss"]
[EventDate "2019.06.08"]

1. d4 d5 2. c4 e6 3. Nc3 Bb4 4. Nf3 Nf6 5. Ne5 dxc4 6. Qa4+ Nc6 7. Nxc6 Bxc3+
8. bxc3 Qd7 9. Qxc4 bxc6 10. Ba3 Rb8 11. g3 Bb7 12. Bg2 Rg8 13. Rb1 Kd8 14.
Bxc6 Qc8 15. O-O Bxc6 16. Qxc6 Rxb1 17. Rxb1 h5 18. Rb7 a5 19. Ra7 Re8 20. Ra8
Qxa8 21. Qxa8+ Kd7 22. Qxa5 g6 23. Bb4 Rc8 24. a4 1-0

[Event "DEM U12w 2019"]
[Site "Willingen GER"]
[Date "2019.06.12"]
[Round "6"]
[White "Alhassan, Jodi"]
[Black "Hoffmann, Sophia"]
[Result "0-1"]
[Termination "normal"]
[Board "16"]
[WhiteElo "1108"]
[BlackElo "1347"]
[PlyCount "60"]
[WhiteFideId "16250460"]
[BlackFideId "16259130"]
[EventCountry "GER"]
[EventRounds "9"]
[EventType "swiss"]
[EventDate "2019.06.08"]

1. e4 e5 2. Nf3 Nc6 3. Bc4 Bc5 4. c3 Nf6 5. d4 exd4 6. cxd4 Bb4+ 7. Nc3 Nxe4 8.
O-O Nxc3 9. bxc3 Bxc3 10. Ba3 d6 11. Rc1 Ba5 12. d5 Ne7 13. Qa4+ c6 14. dxc6
bxc6 15. Bxd6 Qxd6 16. Qxa5 O-O 17. Rcd1 Qg6 18. Ng5 Qh5 19. Rfe1 h6 20. Qd8
Be6 21. Bxe6 Raxd8 22. Rxd8 Qxg5 23. Rxf8+ Kxf8 24. Bb3 Nd5 25. Kf1 Nc3 26. Bc4
Qa5 27. Ra1 c5 28. g3 Qb4 29. Be2 Qe4 30. Rc1 Qh1# 0-1

[Event "DEM U12w 2019"]
[Site "Willingen GER"]
[Date "2019.06.12"]
[Round "6"]
[White "Kosak, Karolina"]
[Black "Wille, Melanie"]
[Result "1-0"]
[Termination "normal"]
[Board "17"]
[WhiteElo "1139"]
[BlackElo "1083"]
[PlyCount "113"]
[WhiteFideId "14640503"]
[BlackFideId "16287037"]
[EventCountry "GER"]
[EventRounds "9"]
[EventType "swiss"]
[EventDate "2019.06.08"]

1. e4 e5 2. Nf3 Nc6 3. d4 exd4 4. Bc4 Nf6 5. e5 Ne4 6. Bd5 Nc5 7. O-O Ne6 8. c3
dxc3 9. Nxc3 d6 10. Re1 Bd7 11. b3 Be7 12. Bb2 f6 13. Bxc6 Bxc6 14. exf6 gxf6
15. Rxe6 Qd7 16. Qe2 Rg8 17. Re1 Rg7 18. Kh1 Kf8 19. Nd1 Re8 20. Bxf6 Bxf6 21.
Rxf6+ Rf7 22. Rxf7+ Qxf7 23. Qd2 Bxf3 24. Rxe8+ Kxe8 25. Qe3+ Qe7 26. Qxe7+
Kxe7 27. gxf3 a5 28. a4 c6 29. Nc3 Ke6 30. Kg2 d5 31. Ne2 b5 32. f4 bxa4 33.
bxa4 c5 34. Kf3 d4 35. Ke4 Kd6 36. f5 h5 37. f6 Ke6 38. f7 Kxf7 39. Kd5 d3 40.
Nc3 Kf6 41. Kxc5 d2 42. Kd4 Kf5 43. Ke3 h4 44. h3 Kg5 45. Kxd2 Kf4 46. Ke2 Kg5
47. Ne4+ Kf4 48. Nc5 Kg5 49. Nb7 Kf4 50. Nxa5 Kg5 51. Nc6 Kf4 52. a5 Kg5 53. a6
Kf4 54. a7 Kg5 55. a8=Q Kf5 56. Qe8 Kf4 57. Qe5# 1-0

[Event "DEM U12w 2019"]
[Site "Willingen GER"]
[Date "2019.06.12"]
[Round "6"]
[White "Heuberger, Sandra"]
[Black "Reddi, Bhuvana"]
[Result "1-0"]
[Termination "normal"]
[Board "19"]
[WhiteElo "1077"]
[BlackElo "1090"]
[PlyCount "53"]
[WhiteFideId "16232151"]
[BlackFideId "16287002"]
[EventCountry "GER"]
[EventRounds "9"]
[EventType "swiss"]
[EventDate "2019.06.08"]

1. d4 d5 2. c4 e6 3. Nc3 Nf6 4. Bg5 Nbd7 5. e3 c6 6. Nf3 Qa5 7. Bd3 Bb4 8. Qc2
Ne4 9. Rc1 Ndf6 10. O-O Bxc3 11. bxc3 Nxg5 12. Nxg5 dxc4 13. Bxc4 Qxg5 14. f4
Qa5 15. Qd3 b5 16. Bb3 Ba6 17. Qd2 O-O 18. Bc2 Rfd8 19. Rf3 c5 20. Qf2 cxd4 21.
exd4 Ng4 22. Qh4 Nf6 23. Rg3 h6 24. Qxf6 g6 25. Bxg6 Rd7 26. Bxf7+ Kf8 27. Rg8#
1-0

[Event "DEM U12w 2019"]
[Site "Willingen GER"]
[Date "2019.06.12"]
[Round "6"]
[White "Hengst, Sarah"]
[Black "Scheiding, Sophia"]
[Result "1-0"]
[Termination "normal"]
[Board "20"]
[WhiteElo "958"]
[BlackElo "1133"]
[PlyCount "95"]
[WhiteFideId "16286030"]
[BlackFideId "16287010"]
[EventCountry "GER"]
[EventRounds "9"]
[EventType "swiss"]
[EventDate "2019.06.08"]

1. e4 e5 2. Nf3 Nc6 3. Bc4 Bc5 4. c3 Nf6 5. d4 exd4 6. cxd4 Bb4+ 7. Nc3 Nxe4 8.
O-O Bxc3 9. bxc3 d5 10. Re1 O-O 11. Bd3 Bf5 12. Qc2 Re8 13. c4 Nb4 14. Qb3 Nxd3
15. Qxd3 Nd6 16. Rxe8+ Qxe8 17. Qb3 dxc4 18. Qb2 Qe6 19. Bd2 Qg6 20. Nh4 Qh5
21. Nxf5 Qxf5 22. Re1 Qh5 23. Bf4 Re8 24. Rxe8+ Nxe8 25. h3 h6 26. Qxb7 Qd1+
27. Kh2 Qxd4 28. Be3 Qe5+ 29. g3 Kh7 30. Qb1+ g6 31. Bf4 Qe2 32. Kg1 Nf6 33.
Bxc7 Ne4 34. Qf1 Qxa2 35. Bf4 g5 36. Be3 f5 37. Qg2 Qb1+ 38. Kh2 c3 39. g4 Qb8+
40. Kg1 Qb1+ 41. Kh2 fxg4 42. hxg4 Nd6 43. Qd5 c2 44. Qxd6 c1=Q 45. Qe7+ Kg6
46. Qe6+ Kg7 47. Bd4+ Kh7 48. Qf7# 1-0

[Event "DEM U12w 2019"]
[Site "Willingen GER"]
[Date "2019.06.13"]
[Round "7"]
[White "Bräutigam, Katerina"]
[Black "Fischer, Darja"]
[Result "1-0"]
[Termination "normal"]
[Board "2"]
[WhiteElo "1697"]
[BlackElo "1480"]
[WhiteClock "00:04:06"]
[BlackClock "00:05:12"]
[PlyCount "74"]
[WhiteFideId "16242980"]
[BlackFideId "16240898"]
[EventCountry "GER"]
[EventRounds "9"]
[EventType "swiss"]
[EventDate "2019.06.08"]

1. e4 {[%clk 1:30:58]} 1... c5 {[%clk 1:30:54]} 2. Be2 {[%clk 1:31:15]} 2... a6
{[%clk 1:29:51]} 3. f4 {[%clk 1:31:30]} 3... Nc6 {[%clk 1:29:22]} 4. Nf3 {
[%clk 1:31:38]} 4... d6 {[%clk 1:27:53]} 5. d3 {[%clk 1:31:29]} 5... Nf6 {
[%clk 1:27:19]} 6. O-O {[%clk 1:29:45]} 6... e6 {[%clk 1:26:20]} 7. h3 { [%clk
1:21:54]} 7... Be7 {[%clk 1:22:30]} 8. Be3 {[%clk 1:21:51]} 8... O-O { [%clk
1:20:17]} 9. Nbd2 {[%clk 1:20:36]} 9... b6 {[%clk 1:18:06]} 10. Qe1 { [%clk
1:20:06]} 10... Bb7 {[%clk 1:15:05]} 11. Kh1 {[%clk 1:19:17]} 11... Kh8 { [%clk
1:11:27]} 12. g4 {[%clk 1:18:53]} 12... Rg8 {[%clk 1:07:31]} 13. Rg1 { [%clk
1:17:30]} 13... Nd7 {[%clk 1:05:09]} 14. g5 {[%clk 1:12:20]} 14... g6 { [%clk
0:59:30]} 15. h4 {[%clk 1:09:59]} 15... Re8 {[%clk 0:54:49]} 16. h5 { [%clk
1:04:57]} 16... Kg7 {[%clk 0:50:30]} 17. Qh4 {[%clk 1:03:16]} 17... Nf8 { [%clk
0:47:44]} 18. Rg2 {[%clk 1:02:05]} 18... Qd7 {[%clk 0:44:35]} 19. Rh2 { [%clk
1:00:15]} 19... Bd8 {[%clk 0:42:53]} 20. Kg2 {[%clk 0:59:20]} 20... d5 { [%clk
0:39:36]} 21. Rah1 {[%clk 0:56:58]} 21... Kg8 {[%clk 0:35:57]} 22. Nf1 { [%clk
0:40:32]} 22... a5 {[%clk 0:29:30]} 23. Ng3 {[%clk 0:40:04]} 23... Ra7 { [%clk
0:27:53]} 24. Rh3 {[%clk 0:33:12]} 24... Ba8 {[%clk 0:25:29]} 25. Nh2 { [%clk
0:31:02]} 25... a4 {[%clk 0:23:27]} 26. Ng4 {[%clk 0:29:52]} 26... a3 { [%clk
0:22:33]} 27. Bc1 {[%clk 0:22:43]} 27... axb2 {[%clk 0:18:07]} 28. Bxb2 { [%clk
0:22:58]} 28... d4 {[%clk 0:18:18]} 29. a3 {[%clk 0:22:37]} 29... Rc7 { [%clk
0:14:49]} 30. Bf3 {[%clk 0:19:27]} 30... Ra7 {[%clk 0:13:50]} 31. Nf6+ { [%clk
0:13:40]} 31... Bxf6 {[%clk 0:13:50]} 32. gxf6 {[%clk 0:14:06]} 32... b5 {[%clk
0:11:10]} 33. Qg5 {[%clk 0:13:48]} 33... e5 {[%clk 0:08:01]} 34. Qh6 { [%clk
0:06:12]} 34... Ne6 {[%clk 0:06:33]} 35. f5 {[%clk 0:05:50]} 35... Ncd8 { [%clk
0:04:44]} 36. fxe6 {[%clk 0:04:08]} 36... Nxe6 {[%clk 0:05:12]} 37. Bg4 { [%clk
0:04:06]} 37... Qd8 1-0

[Event "DEM U12w 2019"]
[Site "Willingen GER"]
[Date "2019.06.13"]
[Round "7"]
[White "Voigt, Anastasia"]
[Black "Sereda, Yaroslava"]
[Result "0-1"]
[Termination "normal"]
[Board "4"]
[WhiteElo "1447"]
[BlackElo "1626"]
[WhiteClock "00:47:53"]
[BlackClock "00:08:18"]
[PlyCount "114"]
[WhiteFideId "16235223"]
[BlackFideId "14178940"]
[EventCountry "GER"]
[EventRounds "9"]
[EventType "swiss"]
[EventDate "2019.06.08"]

1. e4 {[%clk 1:30:59]} 1... c5 {[%clk 1:30:45]} 2. Nf3 {[%clk 1:31:17]} 2...
Nc6 {[%clk 1:31:06]} 3. d4 {[%clk 1:31:43]} 3... cxd4 {[%clk 1:31:31]} 4. Nxd4
{[%clk 1:32:06]} 4... g6 {[%clk 1:31:50]} 5. Nc3 {[%clk 1:32:04]} 5... Bg7 {
[%clk 1:32:07]} 6. Be3 {[%clk 1:32:20]} 6... Nf6 {[%clk 1:32:05]} 7. Bc4 {
[%clk 1:32:32]} 7... O-O {[%clk 1:28:44]} 8. f3 {[%clk 1:30:50]} 8... Qb6 {
[%clk 1:24:35]} 9. Bb3 {[%clk 1:18:03]} 9... Nxe4 {[%clk 1:21:33]} 10. Nxe4 {
[%clk 1:12:36]} 10... Bxd4 {[%clk 1:19:00]} 11. Bxd4 {[%clk 1:11:40]} 11...
Nxd4 {[%clk 1:18:59]} 12. Qd3 {[%clk 1:10:36]} 12... d6 {[%clk 1:12:19]} 13.
O-O-O {[%clk 1:07:24]} 13... Nxb3+ {[%clk 1:11:16]} 14. axb3 {[%clk 1:07:13]}
14... Bd7 {[%clk 1:09:27]} 15. Rhe1 {[%clk 1:06:35]} 15... Rfc8 {[%clk 0:52:11]
} 16. Nc3 {[%clk 1:05:45]} 16... Be6 {[%clk 0:47:41]} 17. g3 {[%clk 0:57:04]}
17... Qc6 {[%clk 0:42:28]} 18. Rd2 {[%clk 0:53:41]} 18... a6 {[%clk 0:33:18]}
19. Nd5 {[%clk 0:44:27]} 19... Bxd5 {[%clk 0:32:25]} 20. Qxd5 {[%clk 0:44:41]}
20... Qxd5 {[%clk 0:29:37]} 21. Rxd5 {[%clk 0:45:01]} 21... Rc7 {[%clk 0:29:46]
} 22. Rd4 {[%clk 0:44:21]} 22... Rac8 {[%clk 0:29:10]} 23. c3 {[%clk 0:44:32]}
23... Kg7 24. Kd2 {[%clk 0:43:58]} 24... Rd7 {[%clk 0:22:43]} 25. h3 { [%clk
0:42:46]} 25... Rcd8 {[%clk 0:21:27]} 26. Kc2 {[%clk 0:41:35]} 26... e5 { [%clk
0:18:17]} 27. Rd5 {[%clk 0:41:33]} 27... f6 {[%clk 0:18:26]} 28. Red1 { [%clk
0:41:00]} 28... Kf7 {[%clk 0:18:35]} 29. Kd3 {[%clk 0:40:57]} 29... Ke6 { [%clk
0:18:11]} 30. Ke3 {[%clk 0:40:58]} 30... f5 {[%clk 0:16:06]} 31. b4 { [%clk
0:39:25]} 31... b5 {[%clk 0:14:34]} 32. g4 {[%clk 0:34:43]} 32... h6 { [%clk
0:13:22]} 33. h4 {[%clk 0:30:34]} 33... fxg4 {[%clk 0:11:15]} 34. fxg4 { [%clk
0:30:44]} 34... Rf8 {[%clk 0:11:20]} 35. R5d2 {[%clk 0:28:45]} 35... Rf4 {[%clk
0:10:49]} 36. Rg1 {[%clk 0:28:17]} 36... Rdf7 {[%clk 0:10:34]} 37. Rg3 { [%clk
0:25:48]} 37... d5 {[%clk 0:09:56]} 38. Rh2 {[%clk 0:24:45]} 38... e4 { [%clk
0:05:07]} 39. Kd4 {[%clk 0:24:24]} 39... Kd6 {[%clk 0:04:19]} 40. h5 { [%clk
0:20:15]} 40... g5 {[%clk 0:03:28]} 41. Re2 {[%clk 0:18:57]} 41... Rf3 { [%clk
0:01:53]} 42. Reg2 {[%clk 0:16:52]} 42... Rxg3 {[%clk 0:29:53]} 43. Rxg3 {[%clk
0:47:42]} 43... Rf2 {[%clk 0:29:34]} 44. Ke3 {[%clk 0:46:17]} 44... Rxb2 {[%clk
0:25:49]} 45. Rg1 {[%clk 0:46:05]} 45... Rc2 {[%clk 0:25:50]} 46. Kd4 { [%clk
0:46:22]} 46... Rd2+ {[%clk 0:26:11]} 47. Ke3 {[%clk 0:46:40]} 47... Rd3+
{[%clk 0:26:28]} 48. Ke2 {[%clk 0:47:03]} 48... Rxc3 {[%clk 0:26:39]} 49. Ra1 {
[%clk 0:46:54]} 49... Rc6 {[%clk 0:24:42]} 50. Rf1 {[%clk 0:47:03]} 50... Ke6 {
[%clk 0:12:41]} 51. Rf8 {[%clk 0:47:12]} 51... d4 {[%clk 0:12:05]} 52. Rh8 {
[%clk 0:46:50]} 52... Kd5 {[%clk 0:11:33]} 53. Rd8+ {[%clk 0:46:56]} 53... Rd6
{[%clk 0:11:41]} 54. Rc8 {[%clk 0:47:13]} 54... Rc6 {[%clk 0:08:06]} 55. Rd8+ {
[%clk 0:47:24]} 55... Ke5 {[%clk 0:08:06]} 56. Re8+ {[%clk 0:47:34]} 56... Kf4
{[%clk 0:08:16]} 57. Rd8 {[%clk 0:47:53]} 57... d3+ {[%clk 0:08:18]} 0-1

[Event "DEM U12w 2019"]
[Site "Willingen GER"]
[Date "2019.06.13"]
[Round "7"]
[White "Adelmeyer, Nelly"]
[Black "Wilmink, Anna"]
[Result "1/2-1/2"]
[Termination "normal"]
[Board "5"]
[WhiteElo "1420"]
[BlackElo "1466"]
[WhiteClock "00:30:19"]
[BlackClock "00:27:19"]
[PlyCount "87"]
[WhiteFideId "16203577"]
[BlackFideId "16273680"]
[EventCountry "GER"]
[EventRounds "9"]
[EventType "swiss"]
[EventDate "2019.06.08"]

1. e4 {[%clk 1:30:59]} 1... c5 {[%clk 1:30:54]} 2. c3 {[%clk 1:31:24]} 2... d5
{[%clk 1:30:55]} 3. exd5 {[%clk 1:30:36]} 3... Qxd5 {[%clk 1:31:10]} 4. Nf3 {
[%clk 1:30:57]} 4... Nc6 {[%clk 1:30:32]} 5. Bb5 {[%clk 1:29:10]} 5... a6 {
[%clk 1:27:35]} 6. Bxc6+ {[%clk 1:26:51]} 6... Qxc6 {[%clk 1:26:50]} 7. d4 {
[%clk 1:25:47]} 7... Bg4 {[%clk 1:22:25]} 8. d5 {[%clk 1:22:08]} 8... Qd6 {
[%clk 1:19:57]} 9. O-O {[%clk 1:15:29]} 9... Nf6 {[%clk 1:17:51]} 10. c4 {
[%clk 1:14:45]} 10... b5 {[%clk 1:15:31]} 11. b3 {[%clk 1:07:10]} 11... g6 {
[%clk 1:14:27]} 12. Nbd2 {[%clk 1:05:37]} 12... Bg7 {[%clk 1:13:35]} 13. Bb2 {
[%clk 1:04:30]} 13... O-O {[%clk 1:12:59]} 14. Re1 {[%clk 0:57:02]} 14... Rfe8
{[%clk 1:09:22]} 15. Qe2 {[%clk 0:49:48]} 15... Qd7 {[%clk 1:00:07]} 16. h3 {
[%clk 0:39:40]} 16... Bxf3 {[%clk 0:58:56]} 17. Nxf3 {[%clk 0:39:59]} 17...
Rad8 {[%clk 0:53:52]} 18. Ne5 {[%clk 0:38:51]} 18... Qb7 {[%clk 0:51:14]} 19.
Nc6 {[%clk 0:34:18]} 19... Rd7 {[%clk 0:48:41]} 20. Rac1 {[%clk 0:22:38]} 20...
b4 {[%clk 0:43:04]} 21. Ne5 {[%clk 0:19:23]} 21... Rdd8 {[%clk 0:38:24]} 22.
Nc6 {[%clk 0:16:18]} 22... Rd7 {[%clk 0:35:59]} 23. a3 {[%clk 0:16:37]} 23...
e6 {[%clk 0:31:09]} 24. Bxf6 {[%clk 0:13:56]} 24... Bxf6 {[%clk 0:30:32]} 25.
axb4 {[%clk 0:14:16]} 25... cxb4 {[%clk 0:30:07]} 26. Red1 {[%clk 0:14:09]}
26... Bc3 {[%clk 0:26:52]} 27. Qe3 {[%clk 0:14:04]} 27... Qc8 {[%clk 0:23:08]}
28. Qb6 {[%clk 0:12:36]} 28... exd5 {[%clk 0:20:42]} 29. Rxd5 {[%clk 0:10:20]}
29... Re6 {[%clk 0:17:49]} 30. Rxd7 {[%clk 0:10:24]} 30... Qxd7 {[%clk 0:17:57]
} 31. Qd8+ {[%clk 0:10:07]} 31... Qxd8 {[%clk 0:17:30]} 32. Nxd8 { [%clk
0:10:33]} 32... Re2 {[%clk 0:16:32]} 33. Rb1 {[%clk 0:09:19]} 33... Bd4 { [%clk
0:15:10]} 34. Nc6 {[%clk 0:09:26]} 34... Bc5 {[%clk 0:14:31]} 35. Rd1 { [%clk
0:05:01]} 35... Rxf2 {[%clk 0:11:31]} 36. Kh2 {[%clk 0:05:21]} 36... Rb2 {[%clk
0:08:15]} 37. Rd3 {[%clk 0:05:25]} 37... Kg7 {[%clk 0:07:33]} 38. Na5 { [%clk
0:04:42]} 38... Kh6 {[%clk 0:04:26]} 39. Nc6 {[%clk 0:04:54]} 39... Kg7 { [%clk
0:03:32]} 40. Kg3 {[%clk 0:04:21]} 40... Kf6 {[%clk 0:01:18]} 41. Rf3+ { [%clk
0:30:08]} 41... Kg7 {[%clk 0:29:30]} 42. Rd3 {[%clk 0:30:10]} 42... Kf6 43.
Rf3+ {[%clk 0:30:31]} 43... Kg7 {[%clk 0:27:19]} 44. Rd3 {[%clk 0:30:19]}
1/2-1/2

[Event "DEM U12w 2019"]
[Site "Willingen GER"]
[Date "2019.06.13"]
[Round "7"]
[White "Hubert, Charlotte"]
[Black "Keymer, Cecilia"]
[Result "0-1"]
[Termination "normal"]
[Board "6"]
[WhiteElo "1311"]
[BlackElo "1511"]
[WhiteClock "00:05:22"]
[BlackClock "00:08:22"]
[PlyCount "70"]
[WhiteFideId "16265920"]
[BlackFideId "16233468"]
[EventCountry "GER"]
[EventRounds "9"]
[EventType "swiss"]
[EventDate "2019.06.08"]

1. e4 {[%clk 1:30:58]} 1... e5 {[%clk 1:30:57]} 2. Nf3 {[%clk 1:31:19]} 2...
Nc6 {[%clk 1:31:22]} 3. Nc3 {[%clk 1:31:42]} 3... Nf6 {[%clk 1:31:47]} 4. d4 {
[%clk 1:31:57]} 4... exd4 {[%clk 1:32:04]} 5. Nxd4 {[%clk 1:32:17]} 5... Bb4 {
[%clk 1:31:57]} 6. Nxc6 {[%clk 1:32:29]} 6... bxc6 {[%clk 1:32:16]} 7. Bd3 {
[%clk 1:32:37]} 7... d5 {[%clk 1:32:22]} 8. exd5 {[%clk 1:32:38]} 8... cxd5 {
[%clk 1:32:15]} 9. O-O {[%clk 1:32:35]} 9... O-O {[%clk 1:29:29]} 10. Bg5 {
[%clk 1:30:36]} 10... c6 {[%clk 1:28:24]} 11. Na4 {[%clk 1:30:06]} 11... Be6 {
[%clk 1:18:16]} 12. b3 {[%clk 1:13:58]} 12... Bd6 {[%clk 1:10:39]} 13. h3 {
[%clk 1:11:29]} 13... h6 {[%clk 1:05:21]} 14. Be3 {[%clk 1:06:03]} 14... Qc8 {
[%clk 0:57:53]} 15. Qf3 {[%clk 0:55:16]} 15... Be5 {[%clk 0:53:21]} 16. Rac1 {
[%clk 0:53:13]} 16... d4 {[%clk 0:48:29]} 17. Bd2 {[%clk 0:49:39]} 17... c5 {
[%clk 0:42:16]} 18. c4 {[%clk 0:32:53]} 18... Bd7 {[%clk 0:31:39]} 19. Rfe1 {
[%clk 0:20:06]} 19... Qc7 {[%clk 0:28:20]} 20. Nb2 {[%clk 0:19:35]} 20... Rfe8
{[%clk 0:25:10]} 21. Bf1 {[%clk 0:18:19]} 21... Bc6 {[%clk 0:22:09]} 22. Qd1 {
[%clk 0:17:55]} 22... Bd6 {[%clk 0:20:25]} 23. Nd3 {[%clk 0:15:49]} 23... Ne4 {
[%clk 0:19:47]} 24. Rc2 {[%clk 0:11:37]} 24... Nxd2 {[%clk 0:19:43]} 25. Qxd2 {
[%clk 0:11:52]} 25... Rab8 {[%clk 0:16:28]} 26. Rb2 {[%clk 0:09:24]} 26... Rxe1
{[%clk 0:14:53]} 27. Qxe1 {[%clk 0:09:36]} 27... Re8 {[%clk 0:14:05]} 28. Qd2 {
[%clk 0:09:12]} 28... Bd7 {[%clk 0:13:23]} 29. Rb1 {[%clk 0:08:12]} 29... Re6 {
[%clk 0:12:55]} 30. Re1 {[%clk 0:07:17]} 30... Rg6 {[%clk 0:12:16]} 31. Kh1 {
[%clk 0:07:01]} 31... Qb7 {[%clk 0:11:43]} 32. h4 {[%clk 0:05:55]} 32... Rg4 {
[%clk 0:10:07]} 33. Kg1 {[%clk 0:05:29]} 33... Rxh4 {[%clk 0:09:19]} 34. Be2 {
[%clk 0:04:59]} 34... Bh2+ {[%clk 0:08:22]} 35. Kf1 {[%clk 0:05:22]} 35... Bf4
0-1

[Event "DEM U12w 2019"]
[Site "Willingen GER"]
[Date "2019.06.13"]
[Round "7"]
[White "Ulrich, Helena Irene"]
[Black "Prinzen, Siri Marleen"]
[Result "1/2-1/2"]
[Termination "normal"]
[Board "8"]
[WhiteElo "1514"]
[BlackElo "1505"]
[WhiteClock "00:21:58"]
[BlackClock "00:24:42"]
[PlyCount "53"]
[WhiteFideId "16256000"]
[BlackFideId "16265912"]
[EventCountry "GER"]
[EventRounds "9"]
[EventType "swiss"]
[EventDate "2019.06.08"]

1. e4 {[%clk 1:30:58]} 1... c6 {[%clk 1:30:56]} 2. d4 {[%clk 1:31:23]} 2... d5
{[%clk 1:31:20]} 3. Nc3 {[%clk 1:31:49]} 3... dxe4 {[%clk 1:31:42]} 4. Nxe4 {
[%clk 1:32:13]} 4... Nd7 {[%clk 1:32:02]} 5. Nf3 {[%clk 1:32:35]} 5... Ngf6 {
[%clk 1:32:17]} 6. Nxf6+ {[%clk 1:32:57]} 6... Nxf6 {[%clk 1:32:40]} 7. Ne5 {
[%clk 1:33:23]} 7... Bf5 {[%clk 1:31:25]} 8. c3 {[%clk 1:33:24]} 8... e6 {
[%clk 1:30:20]} 9. g4 {[%clk 1:33:06]} 9... Qd5 {[%clk 1:19:16]} 10. Rg1 {
[%clk 1:22:40]} 10... Bg6 {[%clk 1:16:17]} 11. h4 {[%clk 1:19:27]} 11... Qe4+ {
[%clk 1:13:06]} 12. Be2 {[%clk 1:14:19]} 12... h6 {[%clk 1:07:33]} 13. Nxg6 {
[%clk 1:09:31]} 13... fxg6 {[%clk 1:07:31]} 14. f3 {[%clk 1:08:32]} 14... Qd5 {
[%clk 1:07:46]} 15. Qc2 {[%clk 1:06:24]} 15... O-O-O {[%clk 1:03:07]} 16. Qxg6
{[%clk 0:57:53]} 16... c5 {[%clk 0:59:14]} 17. Be3 {[%clk 0:50:50]} 17... cxd4
{[%clk 0:51:20]} 18. Bxd4 {[%clk 0:47:58]} 18... Bc5 {[%clk 0:42:20]} 19. O-O-O
{[%clk 0:38:14]} 19... Bxd4 {[%clk 0:33:40]} 20. Rxd4 {[%clk 0:38:36]} 20...
Qe5 {[%clk 0:32:59]} 21. Qd3 {[%clk 0:31:25]} 21... Rxd4 {[%clk 0:30:50]} 22.
cxd4 {[%clk 0:31:41]} 22... Qd6 {[%clk 0:29:34]} 23. Kb1 {[%clk 0:29:25]} 23...
Kb8 {[%clk 0:29:02]} 24. Rc1 {[%clk 0:27:53]} 24... Rd8 {[%clk 0:28:11]} 25.
Qc3 {[%clk 0:26:00]} 25... Nd5 {[%clk 0:26:27]} 26. Qc5 {[%clk 0:24:08]} 26...
Nf4 {[%clk 0:24:42]} 27. Qxd6+ {[%clk 0:21:58]} 1/2-1/2

[Event "DEM U12w 2019"]
[Site "Willingen GER"]
[Date "2019.06.13"]
[Round "7"]
[White "Hoffmann, Sophia"]
[Black "Ramien, Hannah"]
[Result "1-0"]
[Termination "normal"]
[Board "10"]
[WhiteElo "1347"]
[BlackElo "1296"]
[PlyCount "99"]
[WhiteFideId "16259130"]
[BlackFideId "16209982"]
[EventCountry "GER"]
[EventRounds "9"]
[EventType "swiss"]
[EventDate "2019.06.08"]

1. e4 e5 2. f4 d5 3. Nc3 dxe4 4. Nxe4 exf4 5. Nf3 Nf6 6. Nc3 Bg4 7. d4 Bd6 8.
Bc4 Qe7+ 9. Kf2 O-O 10. Re1 Qd7 11. Kg1 Nc6 12. h3 Bxf3 13. Qxf3 Nxd4 14. Qd3
Nc6 15. Ne4 Nxe4 16. Rxe4 Bc5+ 17. Kh1 Qxd3 18. Bxd3 Bd6 19. Bxf4 Bxf4 20. Rxf4
Ne5 21. Be4 c6 22. Re1 Ng6 23. Rg4 f5 24. Bxf5 Rxf5 25. Rge4 Raf8 26. Re8 Rxe8
27. Rxe8+ Rf8 28. Re3 h6 29. Kh2 Kh7 30. Kg3 Rf7 31. Kg4 Rf2 32. Rb3 Rxg2+ 33.
Kf5 Rxc2 34. Rxb7 c5 35. Ke4 c4 36. Kd4 Nf4 37. Rxa7 Ne2+ 38. Kc5 c3 39. bxc3
Nxc3 40. a3 Nb1+ 41. Kd4 Ra2 42. a4 Na3 43. Kc5 Nc2 44. a5 Ra3 45. h4 Ra4 46.
h5 Rh4 47. a6 Ra4 48. Ra8 Nb4 49. a7 Na6+ 50. Kb6 1-0